| 000 | 00576nam a22001457a 4500 | ||
|---|---|---|---|
| 008 | 110818t xxu||||| |||| 00| 0 ara d | ||
| 082 |
_222 _bش ي ب _a181.07 |
||
| 100 | 1 |
_926803 _aالشيباني ، عمر محمد التومي |
|
| 245 |
_aمقدمة في الفلسفة الاسلامية / _cعمر محمد التومي الشيباني |
||
| 250 |
_aط 3. _bمزيدة. |
||
| 260 |
_a[د. م ] : _bالدار العربية للكتاب ، _c1982. |
||
| 300 |
_a263 ص : _c24 سم. |
||
| 504 | _aيحتوي علي ارجاعات ببليوجرافية | ||
| 942 |
_2ddc _cBB |
||
| 999 |
_c15875 _d15875 |
||